000
00340nam a22001457a 4500
008
230419b ||||| |||| 00| 0 eng d
020
_a
9781891792519
041
_a
eng
080
_a
030
082
_a
030SAD
100
_a
24
101
_a
EDU
245
_a
TEACHING INNIGRANT AND SECOND LANGUAGE STUDENTS
_c
SADOWSKI.M
942
_2
udc
_c
BK
999
_c
59616
_d
59616